Fundamentals of business organisation and management (Record no. 91802)

MARC details
000 -LEADER
fixed length control field 00531nam a2200193Ia 4500
008 - FIXED-LENGTH DATA ELEMENTS--GENERAL INFORMATION
fixed length control field 230125s9999 xx 000 0 und d
041 ## - LANGUAGE CODE
Language code of text/sound track or separate title eng
082 ## - DEWEY DECIMAL CLASSIFICATION NUMBER
Classification number 658
Item number BUS
100 ## - MAIN ENTRY--PERSONAL NAME
Personal name Bushan Y K
9 (RLIN) 114404
245 ## - TITLE STATEMENT
Title Fundamentals of business organisation and management
250 ## - EDITION STATEMENT
Edition statement 8th ed
260 ## - PUBLICATION, DISTRIBUTION, ETC. (IMPRINT)
Date of publication, distribution, etc. 1976
Name of publisher, distributor, etc. S. Chand & Company Ltd.
Place of publication, distribution, etc. Delhi
300 ## - PHYSICAL DESCRIPTION
Extent 260p
500 ## - GENERAL NOTE
Keywords Business management ,Organisation management
500 ## - GENERAL NOTE
Keywords Management
650 ## - SUBJECT ADDED ENTRY--TOPICAL TERM
Topical term or geographic name as entry element Management
700 ## - ADDED ENTRY--PERSONAL NAME
Personal name Bushan Y K
9 (RLIN) 114404
Holdings
Withdrawn status Lost status Damaged status Not for loan Home library Current library Date acquired Vendor Cost, normal purchase price Full call number Barcode Date last seen Cost, replacement price Bill Date Koha item type Original Barcode
Withdrawn       Smt. Hiraben Nanavati Institute of Management & Research for Women Smt. Hiraben Nanavati Institute of Management & Research for Women 17/09/1998 Satya Gilani 14.00 658 BUS DB0144 HIMR-DB-144 25/01/2023 14.00 26/02/1999 Donated Book DB0144